header

Post-soviet chaos (Record no. 117578)

MARC details
000 -LEADER
fixed length control field 01770nam a2200397 a 4500
082 04 - DEWEY DECIMAL CLASSIFICATION NUMBER
Classification number 306/.095845
100 1# - MAIN ENTRY--AUTHOR NAME
Personal name Nazpary, Joma.
245 10 - TITLE STATEMENT
Title Post-soviet chaos
260 ## - PUBLICATION, DISTRIBUTION, ETC. (IMPRINT)
Place of publication London ;
-- Sterling, Va. :
Name of publisher Pluto Press,
Year of publication c2002.
300 ## - PHYSICAL DESCRIPTION
Number of Pages ix, 217 p.
505 0# - FORMATTED CONTENTS NOTE
Formatted contents note People and places -- Bardak : elements of chaos -- Networking as a response to the chaos -- Women and sexualised strategies : violence and stigma -- Construction of the alien : imagining a Soviet community -- Ethnic tensions -- Conclusions in a comparative perspective : whose transition?.
650 #0 - SUBJECT ADDED ENTRY--TOPICAL TERM
Topical Term Post-communism
Topical Term Alienation (Social psychology)
Topical Term Capitalism
Topical Term Women
856 40 - ELECTRONIC LOCATION AND ACCESS
Uniform Resource Identifier http://site.ebrary.com/lib/rucke/Doc?id=10479649

No items available.

© 2026 Rongo University
Contact us: librarian | system librarian | Rongo university